Estadísticas para Desafío - Adivina las 5 Letras

Haz click aquí para intentar la prueba.

Estadísticas generales

  • Esta prueba ha sido intentada 31 veces
  • La puntuación promedio es 4 de 5

Estadísticas de respuestas

Letra% Correcto
B
100%
E
100%
H
100%
J
100%
K
100%
L
100%
M
100%
N
100%
Y
100%
C
91%
D
88%
P
88%
W
86%
X
86%
A
83%
S
83%
F
80%
O
80%
U
80%
V
80%
Z
80%
T
78%
G
75%
I
75%
Q
75%
R
71%

Distribución de puntuación

Porcentaje por número respondido

Porcentaje de gente con cada puntuación

Historial de tus puntuaciones

No has intentado esta prueba.